| 000 | 00868nam a2200277 a 4500 | ||
|---|---|---|---|
| 001 | 000042164 | ||
| 003 | DO-SdBNP | ||
| 005 | 20240412074301.0 | ||
| 007 | ta | ||
| 008 | 131118s2013 dr a r 000 p spa d | ||
| 020 | _a9789993446200 | ||
| 040 |
_aDO-SdBNP _bspa _cBNPHU |
||
| 082 | 4 |
_222 _aRD861.44 _bM623s |
|
| 100 | 1 |
_aMichel, Camelia _969169 |
|
| 245 | 1 | 0 |
_aSoliloquio de los días / _cCamelia Michel. |
| 260 |
_aSanto Domingo : _bAteneo Insular Internacional, _c2013. |
||
| 300 |
_a116 p. : _bil. ; _c23 cm. |
||
| 490 | 1 |
_aÍnsulas extrañas _v22 |
|
| 500 | _aIncluye datos biográficos del autor en la solapa de la cubierta | ||
| 590 | _aInventariado, 2018/BT | ||
| 650 | 1 | 4 |
_aPoesía dominicana _966 |
| 650 | 1 | 0 |
_aLiteratura dominicana. _967 |
| 830 | 0 |
_aÍnsulas extrañas _n22 _969170 |
|
| 910 | _aValidado. Control de calidad. MFF | ||
| 942 |
_2ddc _cLBS1 |
||
| 999 |
_c41653 _d41653 |
||